Borussia Dortmund Kader 2021/22 - Statistiken

Allgemein
  • Dieses Quiz wurde 210 mal gespielt
  • Das Durchschnittsergebnis liegt bei 20 aus 36
Antwortstatistiken
Position # Name % Korrekt
11 Marco Reus
93%
15 Mats Hummels
92%
Torhüter 1 Gregor Kobel
90%
38 Roman Bürki
89%
Stürmer 9 Erling Haaland
88%
35 Martin Hitz
81%
Verteidiger 16 Manuel Akanji
80%
22 Jude Bellingham
79%
Mittelfeld 23 Eure Can
76%
19 Julian Brandt
74%
8 Mahmoud Dahoud
72%
7 Giovanni Reyna
69%
28 Axel Witsel
68%
18 Youssoufa Moukoko
68%
21 Donyell Malen
66%
13 Raphael Guerreiro
66%
10 Thorgan Hazard
66%
5 Dan-Axel Zagadou
64%
14 Nico Schulz
59%
27 Steffen Tigges
57%
2 Mateu Morey
55%
25 Luca Unbehaun
54%
39 Marius Wolf
52%
29 Marcel Schmelzer
48%
30 Felix Passlack
42%
20 Reinier
37%
36 Ansgar Knauff
29%
4 Soumaila Coulibaly
28%
6 Thomas Delaney
24%
24 Thomas Meunir
23%
32 Abdoulaye Kamara
18%
40 Stefan Drljaca
18%
47 Antonios Papadopoulos
13%
45 Lennard Maloney
10%
42 Götkan Gürpüz
8%
37 Tobias Raschel
4%
Keine übereinstimmenden Quizze gefunden
Verteilung der Resultate
Anzahl Personen mit jedem Resultat
Perzentil nach korrekt beantworteten Fragen
Ihre Resultats-Entwicklung
Sie haben dieses Quiz noch nicht gespielt